[Event "Montigny le Bretonneux Noel op 10th"]
[Site "Montigny le Bretonneux"]
[Date "2007.12.30"]
[Round "6"]
[White "Laurent, Dominique"]
[Black "Miolane, Leo"]
[Result "0-1"]
[WhiteElo "2001"]
[BlackElo "1757"]
[PlyCount "112"]
[EventDate "2007.12.26"]
[EventType "swiss"]
[EventRounds "7"]
[EventCountry "FRA"]
[SourceTitle "CBM 122 Extra"]
[Source "ChessBase"]
[SourceDate "2008.03.04"]
[SourceVersion "1"]
[SourceVersionDate "2008.03.04"]
[SourceQuality "1"]

1. e4 c6 2. d4 d5 3. Nc3 dxe4 4. Nxe4 Bf5 5. Ng3 Bg6 6. f4 e6 7. Nf3 Nd7 8. Bc4 Qc7 9. 0-0 0-0-0 10. c3 h5 11. Nh4 Ne7 12. f5 exf5 13. Nxg6 fxg6 14. Bf4 Qb6 15. Qf3 Nd5 16. Bxd5 cxd5 17. Rac1 Bd6 18. Ne2 Bxf4 19. Qxf4 Nf6 20. c4 Qd6 21. cxd5+ Kb8 22. Rc5 Qxf4 23. Nxf4 Ne4 24. Rc2 g5 25. Ng6 Rh6 26. Ne7 g6 27. Rfc1 a6 28. Rc8+ Rxc8 29. Rxc8+ Ka7 30. Rg8 Rh7 31. Nc8+ Kb8 32. d6 Nf6 33. Rf8 Nd7 34. Rd8 Nf6 35. Ne7+ Ka7 36. Nc8+ Kb8 37. Ne7+ Ka7 38. Rf8 Nd7 39. Nxg6 Nxf8 40. Nxf8 Rf7 41. Ne6 Rd7 42. Nxg5 Rxd6 43. Nf3 Rc6 44. Kf2 f4 45. Ne5 Rd6 46. Nf3 Rc6 47. Ne5 Rc2+ 48. Kf3 Rxb2 49. Ng6 Rxa2 50. Nxf4 b5 51. Ke4 b4 52. Kd3 Rf2 53. Nd5 b3 54. Nc3 b2 55. d5 Kb7 56. Kc4 Rc2 0-1

[Event "Montigny le Bretonneux Noel op 10th"]
[Site "Montigny le Bretonneux"]
[Date "2007.12.27"]
[Round "2"]
[White "Brisson, Michele"]
[Black "Miolane, Leo"]
[Result "0-1"]
[WhiteElo "1020"]
[BlackElo "1757"]
[PlyCount "134"]
[EventDate "2007.12.26"]
[EventType "swiss"]
[EventRounds "7"]
[EventCountry "FRA"]
[SourceTitle "CBM 122 Extra"]
[Source "ChessBase"]
[SourceDate "2008.03.04"]
[SourceVersion "1"]
[SourceVersionDate "2008.03.04"]
[SourceQuality "1"]

1. e4 e5 2. Nf3 Nc6 3. Nc3 Bc5 4. Bb5 d6 5. d3 h6 6. Bxc6+ bxc6 7. d4 exd4 8. Nxd4 Bxd4 9. Qxd4 Qf6 10. Qxf6 Nxf6 11. 0-0 0-0 12. Re1 Re8 13. b3 Bf5 14. Bb2 Nxe4 15. Re3 Nxc3 16. Bxc3 Rxe3 17. fxe3 Re8 18. Re1 Bxc2 19. Re2 Be4 20. Rf2 c5 21. Rf4 Bb1 22. Rg4 g6 23. Rf4 Rxe3 24. Ba5 c6 25. Rf6 Re6 26. Rxe6 fxe6 27. Bc7 d5 28. Kf1 Bxa2 29. Be5 Bxb3 30. Ke2 Kf7 31. Kd3 g5 32. g4 Bd1 33. h3 Bf3 34. Ke3 Bg2 35. Kf2 Bxh3 36. Kg3 Bf1 37. Bd6 c4 38. Be5 Kg6 39. Kf2 Bd3 40. Ke3 h5 41. Kf3 hxg4+ 42. Kxg4 Be2+ 43. Kg3 Kf5 44. Bc7 Ke4 45. Kf2 Bh5 46. Ke1 Kd3 47. Kf2 c3 48. Kg3 c2 49. Kh3 c1Q 50. Bg3 Qh1+ 51. Bh2 g4+ 52. Kg3 Qf3+ 53. Kh4 Qh3+ 54. Kg5 Qxh2 55. Kh6 g3 56. Kg5 g2 57. Kf6 g1R 58. Kxe6 Re1+ 59. Kd7 Bg4+ 60. Kd8 Qh8+ 61. Kc7 Qe5+ 62. Kxc6 Rc1+ 63. Kb7 Qc7+ 64. Ka8 Qc8+ 65. Kxa7 Ra1+ 66. Kb6 Rb1+ 67. Ka5 Qa8# 0-1

[Event "Montigny le Bretonneux Noel op 09th"]
[Site "Montigny le Bretonneux"]
[Date "2006.12.27"]
[Round "3"]
[White "Miolane, Leo"]
[Black "Borowski, Jacques"]
[Result "1-0"]
[WhiteElo "1798"]
[BlackElo "1480"]
[PlyCount "71"]
[EventDate "2006.12.27"]
[EventType "swiss"]
[EventRounds "7"]
[EventCountry "FRA"]
[SourceTitle "CBM 116 Extra"]
[Source "ChessBase"]
[SourceDate "2007.03.07"]
[SourceVersion "1"]
[SourceVersionDate "2007.03.07"]
[SourceQuality "1"]

1. e4 d6 2. d4 Nf6 3. Nc3 c6 4. Nf3 Bg4 5. Be2 Nbd7 6. 0-0 Bxf3 7. Bxf3 e5 8. dxe5 Nxe5 9. Be3 Be7 10. Be2 0-0 11. f4 Ned7 12. Bd3 Nc5 13. Bxc5 dxc5 14. Kh1 b5 15. e5 Nd5 16. Nxd5 cxd5 17. c3 g6 18. Rf3 Qb6 19. Rg3 Bh4 20. Rh3 Be7 21. Qg4 f5 22. Qf3 Rf7 23. Qxd5 Rd8 24. Qf3 Rg7 25. Qe2 c4 26. Bc2 Qe6 27. Rf3 g5 28. fxg5 Rxg5 29. Raf1 Rf8 30. Qf2 Qxe5 31. Bxf5 Bc5 32. Be6+ Kg7 33. Rf7+ Kg6 34. Qf6+ Qxf6 35. R1xf6+ Kh5 36. Rxh7# 1-0

[Event "Elancourt op"]
[Site "Elancourt"]
[Date "2006.04.21"]
[Round "7"]
[White "Collette, Gilles"]
[Black "Miolane, Leo"]
[Result "1-0"]
[WhiteElo "1719"]
[BlackElo "1770"]
[PlyCount "27"]
[EventDate "2006.04.16"]
[EventType "swiss"]
[EventRounds "9"]
[EventCountry "FRA"]
[SourceTitle "CBM 111 Extra"]
[Source "ChessBase"]
[SourceDate "2006.05.09"]
[SourceVersion "1"]
[SourceVersionDate "2006.05.09"]
[SourceQuality "1"]

1. e4 e5 2. Nf3 Nc6 3. Bc4 Bc5 4. b4 Bxb4 5. c3 Ba5 6. d4 d6 7. Qb3 Qd7 8. 0-0 Nf6 9. dxe5 dxe5 10. Rd1 Qg4 11. Bxf7+ Kf8 12. Ba3+ Ne7 13. Rd8+ Ne8 14. Rxe8# 1-0

[Event "Elancourt op"]
[Site "Elancourt"]
[Date "2006.04.19"]
[Round "5"]
[White "Miolane, Leo"]
[Black "Francois, Jean Claude"]
[Result "1/2-1/2"]
[WhiteElo "1770"]
[BlackElo "1818"]
[PlyCount "55"]
[EventDate "2006.04.16"]
[EventType "swiss"]
[EventRounds "9"]
[EventCountry "FRA"]
[SourceTitle "CBM 111 Extra"]
[Source "ChessBase"]
[SourceDate "2006.05.09"]
[SourceVersion "1"]
[SourceVersionDate "2006.05.09"]
[SourceQuality "1"]

1. e4 e5 2. Nf3 Nc6 3. Bc4 d6 4. 0-0 Bg4 5. c3 Bxf3 6. Qxf3 Qf6 7. Qxf6 Nxf6 8. d3 a6 9. a3 Na5 10. Ba2 b5 11. b4 Nb7 12. f4 Be7 13. Be3 0-0 14. Nd2 c6 15. h3 exf4 16. Bxf4 Nh5 17. Bh2 g6 18. g4 Ng7 19. Bf4 g5 20. Be3 Ne6 21. Nf3 h6 22. Nd4 Nxd4 23. Bxd4 Nd8 24. Bf6 Re8 25. Rf3 Ne6 26. Bxe6 fxe6 27. Raf1 Rad8 28. Bxe7 1/2-1/2

[Event "Elancourt op"]
[Site "Elancourt"]
[Date "2006.04.18"]
[Round "4"]
[White "Fayolle, Guy"]
[Black "Miolane, Leo"]
[Result "1/2-1/2"]
[WhiteElo "1922"]
[BlackElo "1770"]
[PlyCount "117"]
[EventDate "2006.04.16"]
[EventType "swiss"]
[EventRounds "9"]
[EventCountry "FRA"]
[SourceTitle "CBM 111 Extra"]
[Source "ChessBase"]
[SourceDate "2006.05.09"]
[SourceVersion "1"]
[SourceVersionDate "2006.05.09"]
[SourceQuality "1"]

1. e4 e5 2. Nf3 Nc6 3. Bc4 Bc5 4. 0-0 Nf6 5. Nxe5 Nxe5 6. d4 Nxc4 7. dxc5 d6 8. Bg5 0-0 9. Qd4 Ne5 10. Nc3 Nc6 11. Qe3 h6 12. Bh4 Ng4 13. Bxd8 Nxe3 14. fxe3 Rxd8 15. cxd6 Rxd6 16. Nd5 Rd7 17. c4 Ne7 18. Kf2 Nxd5 19. exd5 b5 20. b3 bxc4 21. bxc4 Ba6 22. Rfc1 Re8 23. Rc3 c6 24. dxc6 Rc7 25. Rd1 Rxc6 26. c5 Rec8 27. Rdc1 f6 28. Kf3 Bb7 29. Kf2 Kf7 30. Rd1 Ke6 31. Rdc1 R6c7 32. g3 Rd8 33. Ke2 Ba6+ 34. Ke1 Rd3 35. Rxd3 Bxd3 36. Kd2 Be4 37. Rc4 Rd7+ 38. Kc3 Ke5 39. Kb4 Bc6 40. Rc3 Ke4 41. Ra3 Rb7+ 42. Ka5 Rb5+ 43. Ka6 Rxc5 44. Kxa7 Rb5 45. Rc3 Kd5 46. Rc2 Rc5 47. Rd2+ Ke4 48. Kb6 Rc3 49. Rd6 Bd5 50. a4 Ra3 51. a5 Ke5 52. Rd7 g6 53. a6 Rxe3 54. a7 Rb3+ 55. Kc5 Ra3 56. Rxd5+ Ke6 57. Rd6+ Ke7 58. Rd2 Rxa7 59. Re2+ 1/2-1/2

[Event "Montigny le Bretonneux Noel op 08th"]
[Site "Montigny le Bretonneux"]
[Date "2005.12.26"]
[Round "1"]
[White "Laurent, Dominique"]
[Black "Miolane, Leo"]
[Result "1-0"]
[WhiteElo "2032"]
[BlackElo "1620"]
[PlyCount "73"]
[EventDate "2005.12.26"]
[EventType "swiss"]
[EventRounds "7"]
[EventCountry "FRA"]
[SourceTitle "CBM 110 Extra"]
[Source "ChessBase"]
[SourceDate "2006.03.10"]
[SourceVersion "2"]
[SourceVersionDate "2006.03.10"]
[SourceQuality "1"]

1. e4 e5 2. Nf3 Nc6 3. Bb5 Bc5 4. c3 d6 5. d4 exd4 6. cxd4 Bb4+ 7. Nc3 Bd7 8. 0-0 Nge7 9. Qb3 Bxc3 10. Ng5 0-0 11. bxc3 b6 12. Bd3 h6 13. Nf3 Re8 14. Re1 Na5 15. Qc2 c5 16. d5 Ng6 17. c4 Qf6 18. Bb2 Qf4 19. Re3 f6 20. g3 Qg4 21. Be2 Nf4 22. Bf1 Nh3+ 23. Kh1 Nxf2+ 24. Qxf2 Nxc4 25. Bxc4 Rxe4 26. Rxe4 Qxe4 27. Bf1 Qxd5 28. Bg2 Qf5 29. g4 Qf4 30. Bc1 Qa4 31. h3 Rd8 32. Nh4 Bc6 33. Nf5 Kf7 34. Bb2 Bxg2+ 35. Kxg2 d5 36. Nxh6+ Kg6 37. Qf5+ 1-0

[Event "Montigny le Bretonneux 3rd"]
[Site "Montigny le Bretonneux"]
[Date "2004.10.30"]
[Round "7"]
[White "Hurlot, Rodolphe"]
[Black "Miolane, Leo"]
[Result "1-0"]
[WhiteElo "1499"]
[BlackElo "1560"]
[PlyCount "145"]
[EventDate "2004.10.??"]
[EventType "swiss"]
[EventRounds "9"]
[EventCountry "FRA"]
[SourceTitle "EXT 2006"]
[Source "ChessBase"]
[SourceDate "2005.11.24"]
[SourceVersion "1"]
[SourceVersionDate "2005.11.24"]
[SourceQuality "1"]

1. e4 e5 2. Nf3 Nc6 3. Bc4 Nf6 4. Ng5 d5 5. exd5 Na5 6. Bb5+ Nd7 7. d3 Bd6 8. Qh5 g6 9. Qf3 0-0 10. Ne4 b6 11. Bh6 Re8 12. Bxd7 Bxd7 13. Nf6+ Kh8 14. Nxe8 Bxe8 15. 0-0 Kg8 16. Nc3 Qh4 17. Qh3 Qe7 18. Ne4 Bd7 19. Qxd7 Qxd7 20. Nf6+ Kh8 21. Nxd7 f5 22. d4 e4 23. Ne5 Kg8 24. f3 exf3 25. Nxf3 Nc4 26. b3 Na5 27. Rfe1 Nb7 28. Re2 Bb4 29. Bd2 Ba3 30. Rae1 Nd6 31. Ng5 Rc8 32. Re7 Ne4 33. Nxe4 Bxe7 34. Ng5 Bf6 35. c3 h6 36. Ne6 g5 37. h4 g4 38. Bxh6 Bxh4 39. Re5 Kh7 40. Bf4 Kg6 41. g3 Bf6 42. Re1 Re8 43. Bd2 Rc8 44. Nf4+ Kf7 45. Rf1 Bg5 46. c4 a6 47. c5 bxc5 48. dxc5 Be7 49. Rc1 Rd8 50. Ba5 Rd7 51. b4 Bf6 52. Rd1 Be5 53. a4 c6 54. Rd3 cxd5 55. Rxd5 Re7 56. b5 axb5 57. axb5 Bb8 58. Rxf5+ Ke8 59. Rg5 Kf7 60. Rxg4 Ra7 61. Bb4 Ra1+ 62. Kg2 Rb1 63. Nd3 Rb3 64. Rd4 Kf6 65. c6 Ba7 66. c7 Bxd4 67. c8Q Rxd3 68. Qc6+ Kf5 69. Qd5+ Kf6 70. Bc3 Rxg3+ 71. Kxg3 Bxc3 72. Qf3+ Ke7 73. Qxc3 1-0

[Event "Montigny le Bretonneux op"]
[Site "Montigny le Bretonneux"]
[Date "2004.05.20"]
[Round "3"]
[White "Benhamouda, Matthieu"]
[Black "Miolane, Leo"]
[Result "0-1"]
[WhiteElo "1440"]
[BlackElo "1460"]
[PlyCount "46"]
[EventDate "2004.05.20"]
[EventType "swiss"]
[EventRounds "9"]
[EventCountry "FRA"]
[SourceTitle "EXT 2007"]
[Source "ChessBase"]
[SourceDate "2006.11.23"]
[SourceVersion "1"]
[SourceVersionDate "2006.11.23"]
[SourceQuality "1"]

1. e4 e5 2. Nf3 Nc6 3. Bc4 Nf6 4. Nc3 Bc5 5. d3 h6 6. 0-0 0-0 7. Bd2 d6 8. Bd5 Bg4 9. h3 Bh5 10. g4 Bxg4 11. hxg4 Nxg4 12. Nh2 Nxh2 13. Kxh2 Qh4+ 14. Kg1 Qh3 15. Qe1 Nd4 16. Qe3 Nf3+ 17. Qxf3 Qxf3 18. Bxb7 Rab8 19. Bd5 Rxb2 20. Be3 Bxe3 21. fxe3 Qxe3+ 22. Kh1 Rxc2 23. Rg1 Qh3# 0-1

[Event "Montigny le Bretonneux op 7th"]
[Site "Montigny le Bretonneux"]
[Date "2003.05.01"]
[Round "2.20"]
[White "Miolane, Leo"]
[Black "Perodeau, Guillaume"]
[Result "0-1"]
[WhiteElo "1160"]
[BlackElo "1540"]
[PlyCount "46"]
[EventDate "2003.05.??"]
[EventType "swiss"]
[EventRounds "9"]
[EventCountry "FRA"]
[SourceTitle "EXT 2004"]
[Source "ChessBase"]
[SourceDate "2003.11.25"]
[SourceVersion "1"]
[SourceVersionDate "2003.11.25"]
[SourceQuality "1"]

1. e4 Nc6 2. Nf3 e5 3. Bc4 Bc5 4. 0-0 d6 5. Nc3 Bg4 6. d3 h6 7. Be3 Nd4 8. h3 Nxf3+ 9. gxf3 Bxh3 10. Re1 Bxe3 11. Ne2 Qg5+ 12. Ng3 Bf4 13. Kh1 Bxg3 14. fxg3 f5 15. exf5 Bxf5 16. g4 Bd7 17. Kg2 0-0-0 18. b4 h5 19. a4 hxg4 20. fxg4 Bxg4 21. Qb1 Be6+ 22. Kf1 Rf8+ 23. Ke2 Bg4# 0-1